[Event "15. Obert Int. Sant Marti 2013"]
[Site "Barcelona ESP"]
[Date "2013.07.13"]
[Round "1.47"]
[White "Forsaa, Espen"]
[Black "Tahay, Alexis"]
[Result "1-0"]
[WhiteElo "2293"]
[BlackElo "1944"]
[PlyCount "109"]
[EventDate "2013.07.13"]
[EventType "swiss"]
[EventRounds "9"]
[EventCountry "ESP"]
[SourceTitle "Ajedrez en Madrid"]
[Source "lmi"]
[SourceDate "2013.07.13"]
[SourceVersion "1"]
[SourceVersionDate "2019.06.21"]
[SourceQuality "1"]

1. c4 e5 2. g3 Nc6 3. Nc3 f5 4. Nf3 Nf6 5. d4 e4 6. Nh4 d5 7. Bg5 Bb4 8. cxd5
Qxd5 9. Bxf6 gxf6 10. e3 Be6 11. Be2 O-O-O 12. Ng2 Ne7 13. O-O Qd7 14. Nb5 a6
15. Qa4 Bd6 16. Rfc1 Nd5 17. Nc3 Qxa4 18. Nxa4 Kb8 19. Bc4 c6 20. Nh4 Ka7 21.
Bxd5 cxd5 22. Nc5 Bc8 23. Rc2 b6 24. Na4 Bd7 25. Nc3 Rc8 26. Rac1 Be6 27. Ne2
b5 28. Rxc8 Rxc8 29. Rxc8 Bxc8 30. Nf4 Bxf4 31. exf4 Kb6 32. b4 a5 33. a3 axb4
34. axb4 Kc6 35. Ng2 Kd6 36. Ne3 Kc6 37. Kg2 Kd6 38. Kh3 Ke6 39. Kh4 Bd7 40.
Kh5 Be8+ 41. Kh6 Bg6 42. Kg7 Bh5 43. Kh6 Bg6 44. Kg7 Bh5 45. Kxh7 Be8 46. Kg7
Bh5 47. h3 Be8 48. Kf8 Bh5 49. g4 Bg6 50. Kg7 fxg4 51. Kxg6 gxh3 52. f5+ Kd6
53. Ng4 Ke7 54. Kg7 Ke8 55. Nxf6+ 1-0

[Event "15. Obert Int. Sant Marti 2013"]
[Site "Barcelona ESP"]
[Date "2013.07.13"]
[Round "1.49"]
[White "Uribe Arteaga, Daniel"]
[Black "Harstad, Christian"]
[Result "1-0"]
[WhiteElo "2274"]
[BlackElo "1942"]
[PlyCount "55"]
[EventDate "2013.07.13"]
[EventType "swiss"]
[EventRounds "9"]
[EventCountry "ESP"]
[SourceTitle "Ajedrez en Madrid"]
[Source "lmi"]
[SourceDate "2013.07.13"]
[SourceVersion "1"]
[SourceVersionDate "2019.06.21"]
[SourceQuality "1"]

1. d4 Nf6 2. c4 g6 3. Nc3 Bg7 4. e4 d6 5. f3 O-O 6. Be3 Nc6 7. Nge2 a6 8. Ng3
e5 9. d5 Nd4 10. Nge2 Nxe2 11. Bxe2 Nh5 12. Qd2 f5 13. O-O-O f4 14. Bf2 Bf6 15.
g4 Ng7 16. h4 Be7 17. Kb1 Bd7 18. Rc1 c5 19. dxc6 bxc6 20. c5 dxc5 21. Na4 Qc7
22. Nxc5 Bxc5 23. Bxc5 Rfe8 24. h5 Qb7 25. Qc3 gxh5 26. gxh5 h6 27. Bd6 Be6 28.
Bxe5 1-0

[Event "15. Obert Int. Sant Marti 2013"]
[Site "Barcelona ESP"]
[Date "2013.07.13"]
[Round "1.50"]
[White "Nadal Fajardo, Ricard"]
[Black "Gomez Jurado, Luis Alberto"]
[Result "0-1"]
[WhiteElo "1913"]
[BlackElo "2273"]
[PlyCount "46"]
[EventDate "2013.07.13"]
[EventType "swiss"]
[EventRounds "9"]
[EventCountry "ESP"]
[SourceTitle "Ajedrez en Madrid"]
[Source "lmi"]
[SourceDate "2013.07.13"]
[SourceVersion "1"]
[SourceVersionDate "2019.06.21"]
[SourceQuality "1"]

1. e4 c6 2. d4 d5 3. e5 Bf5 4. Bd3 Bxd3 5. Qxd3 Qa5+ 6. c3 Qa6 7. Qxa6 Nxa6 8.
Ne2 e6 9. Be3 c5 10. a3 f6 11. f4 Nh6 12. Ng3 Rc8 13. O-O Ng4 14. Bc1 cxd4 15.
cxd4 h5 16. h3 h4 17. hxg4 hxg3 18. Nc3 Rh4 19. Be3 Rxg4 20. Rac1 Kd7 21. Ne2
Be7 22. b4 Nc7 23. Rc3 a5 0-1

[Event "15. Obert Int. Sant Marti 2013"]
[Site "Barcelona ESP"]
[Date "2013.07.13"]
[Round "1.51"]
[White "Larsen, Karsten"]
[Black "Lien, Kjell Hakon"]
[Result "1/2-1/2"]
[WhiteElo "2270"]
[BlackElo "1910"]
[PlyCount "124"]
[EventDate "2013.07.13"]
[EventType "swiss"]
[EventRounds "9"]
[EventCountry "ESP"]
[SourceTitle "Ajedrez en Madrid"]
[Source "lmi"]
[SourceDate "2013.07.13"]
[SourceVersion "1"]
[SourceVersionDate "2019.06.21"]
[SourceQuality "1"]

1. d4 Nf6 2. Nf3 g6 3. g3 Bg7 4. Bg2 O-O 5. O-O d5 6. c4 dxc4 7. Qc2 a6 8. Qxc4
b5 9. Qc2 Bb7 10. Bd2 Nbd7 11. Ba5 Rc8 12. Nbd2 Qe8 13. Nb3 Be4 14. Qc1 Bd5 15.
Nfd2 Bxg2 16. Kxg2 Kh8 17. Bb4 Nd5 18. Bc5 Nxc5 19. Qxc5 Qd7 20. Nf3 Rfe8 21.
Rfd1 c6 22. h3 Qe6 23. Qc2 Qd6 24. e4 Nb6 25. Nc5 Ra8 26. Rac1 Rec8 27. Nb7 Qd7
28. Na5 Qe6 29. b3 Bh6 30. Rb1 Nd7 31. b4 Nf6 32. Re1 Kg8 33. Rbd1 Ra7 34. Ne5
Rac7 35. Qb3 Qxb3 36. Nxb3 Nd7 37. Nd3 Bg7 38. f4 Nb6 39. Ndc5 Nc4 40. Re2 Ra7
41. Na5 Nxa5 42. bxa5 e6 43. Rc2 Bf8 44. Kf3 Be7 45. Rdc1 Bd8 46. Nb3 Rac7 47.
g4 h6 48. e5 Be7 49. Ke4 Ba3 50. Rd1 Rd7 51. f5 c5 52. d5 exd5+ 53. Rxd5 Rxd5
54. Kxd5 c4 55. Nd4 Rd8+ 56. Ke4 Bc5 57. Nc6 Rd3 58. a4 Rxh3 59. Kd5 Bg1 60.
axb5 axb5 61. Ra2 Rd3+ 62. Ke4 Re3+ 1/2-1/2

[Event "15. Obert Int. Sant Marti 2013"]
[Site "Barcelona ESP"]
[Date "2013.07.13"]
[Round "1.52"]
[White "Severri Arrese, Carlos"]
[Black "Capellades Subirana, Marc"]
[Result "0-1"]
[WhiteElo "1905"]
[BlackElo "2260"]
[PlyCount "114"]
[EventDate "2013.07.13"]
[EventType "swiss"]
[EventRounds "9"]
[EventCountry "ESP"]
[SourceTitle "Ajedrez en Madrid"]
[Source "lmi"]
[SourceDate "2013.07.13"]
[SourceVersion "1"]
[SourceVersionDate "2019.06.21"]
[SourceQuality "1"]

1. d4 d6 2. Nf3 Nf6 3. Nc3 Nbd7 4. e3 e5 5. Bc4 h6 6. dxe5 dxe5 7. O-O Be7 8.
e4 O-O 9. Qe2 c6 10. a3 Qc7 11. Ba2 Nc5 12. h3 Ne6 13. Rd1 Nh5 14. Bxe6 Bxe6
15. Ng5 Ng3 16. fxg3 hxg5 17. Be3 g4 18. Kh2 gxh3 19. Qh5 Rfd8 20. gxh3 Rxd1
21. Rxd1 g6 22. Qe2 Kg7 23. Kg2 Rh8 24. Rg1 Qd7 25. g4 b6 26. Bf2 Bg5 27. Rd1
Qe7 28. Bg3 Bf4 29. Bxf4 exf4 30. Qf2 Qf6 31. Qd4 c5 32. Qxf6+ Kxf6 33. Rh1 Ke5
34. Rd1 g5 35. Re1 Bc4 36. Rh1 Rd8 37. h4 b5 38. h5 b4 39. Rd1 Rh8 40. axb4
cxb4 41. Nd5 Be2 42. Ra1 Kxe4 43. Ra5 Rh6 44. Nxb4 Bxg4 45. Rxg5 Bxh5 46. Ra5
Bg4 47. Nd3 Bf3+ 48. Kf2 Rh2+ 49. Ke1 Rxc2 50. Nf2+ Kd4 51. Rxa7 Re2+ 52. Kf1
Rxb2 53. Ra4+ Kd5 54. Rxf4 Rb1+ 55. Nd1 Bxd1 56. Kf2 Ke6 57. Rh4 Bc2 0-1

[Event "15. Obert Int. Sant Marti 2013"]
[Site "Barcelona ESP"]
[Date "2013.07.13"]
[Round "1.54"]
[White "Barragan Hernandez, Manel"]
[Black "Garcia Blanco, Omar"]
[Result "0-1"]
[WhiteElo "1889"]
[BlackElo "2253"]
[PlyCount "80"]
[EventDate "2013.07.13"]
[EventType "swiss"]
[EventRounds "9"]
[EventCountry "ESP"]
[SourceTitle "Ajedrez en Madrid"]
[Source "lmi"]
[SourceDate "2013.07.13"]
[SourceVersion "1"]
[SourceVersionDate "2019.06.21"]
[SourceQuality "1"]

1. c4 Nf6 2. Nc3 c5 3. Nf3 g6 4. g3 Nc6 5. Bg2 d6 6. O-O Bg7 7. d3 O-O 8. a3
Bd7 9. Rb1 a5 10. Bd2 Qc8 11. Na4 Ra6 12. Qc1 Ng4 13. Nc3 Nge5 14. Nxe5 Bxe5
15. Re1 Re8 16. Nb5 h5 17. e3 Bg7 18. Bc3 Ne5 19. Qd2 Bf5 20. e4 Bh3 21. f4
Bxg2 22. Kxg2 Nc6 23. Bxg7 Kxg7 24. d4 cxd4 25. Nxd4 Nxd4 26. Qxd4+ e5 27. Qd5
exf4 28. Rf1 Re5 29. Qd4 fxg3 30. hxg3 Qc5 31. Qd3 Qc6 32. Rbe1 Rb6 33. Rf2 f5
34. Qd4 fxe4 35. Kh2 Rb3 36. Ref1 Qb6 37. Rf7+ Kh6 38. Qxb6 Rxb6 39. R1f2 Rc5
40. Rc2 d5 0-1

[Event "15. Obert Int. Sant Marti 2013"]
[Site "Barcelona ESP"]
[Date "2013.07.13"]
[Round "1.56"]
[White "Jacobsen, Maria Pitz"]
[Black "Guerrero Sierra, Juan Carlos"]
[Result "0-1"]
[WhiteElo "1814"]
[BlackElo "2227"]
[PlyCount "52"]
[EventDate "2013.07.13"]
[EventType "swiss"]
[EventRounds "9"]
[EventCountry "ESP"]
[SourceTitle "Ajedrez en Madrid"]
[Source "lmi"]
[SourceDate "2013.07.13"]
[SourceVersion "1"]
[SourceVersionDate "2019.06.21"]
[SourceQuality "1"]

1. e4 c5 2. Nf3 d6 3. d4 cxd4 4. Nxd4 Nf6 5. Nc3 g6 6. Be3 Bg7 7. Be2 O-O 8.
O-O Nc6 9. Qd2 Bd7 10. Rad1 a6 11. f3 b5 12. a4 Nxd4 13. Bxd4 bxa4 14. Ra1 Qa5
15. Qe3 Qb4 16. Na2 Qb7 17. Bc3 Rfc8 18. Rfd1 Bb5 19. Nb4 Rc7 20. e5 dxe5 21.
Bxe5 Rd7 22. Rxd7 Bxd7 23. Bc3 a5 24. Nd3 Nd5 25. Qe4 Bf5 26. Qxa4 Bxc3 0-1

[Event "15. Obert Int. Sant Marti 2013"]
[Site "Barcelona ESP"]
[Date "2013.07.13"]
[Round "1.57"]
[White "Velez Alvarez, Laura Camila"]
[Black "Leiro Giralt, Daniel"]
[Result "0-1"]
[WhiteElo "1774"]
[BlackElo "2220"]
[PlyCount "52"]
[EventDate "2013.07.13"]
[EventType "swiss"]
[EventRounds "9"]
[EventCountry "ESP"]
[SourceTitle "Ajedrez en Madrid"]
[Source "lmi"]
[SourceDate "2013.07.13"]
[SourceVersion "1"]
[SourceVersionDate "2019.06.21"]
[SourceQuality "1"]

1. e4 e5 2. Nf3 Nf6 3. Nxe5 d6 4. Nf3 Nxe4 5. d4 d5 6. Bd3 Nc6 7. c3 Bg4 8.
Nbd2 f5 9. O-O Bd6 10. Qc2 O-O 11. Nxe4 fxe4 12. Bxe4 dxe4 13. Ng5 Qd7 14. f3
Bh5 15. Qxe4 Bg6 16. Qd5+ Kh8 17. Qb5 Rfe8 18. Qxb7 Bd3 19. Qb3 h6 20. Nf7+ Kh7
21. Nxd6 Qxd6 22. Rd1 Qg6 23. Qd5 Rad8 24. Qc5 Be2 25. Rd2 Bxf3 26. Kf1 Be4 0-1

[Event "15. Obert Int. Sant Marti 2013"]
[Site "Barcelona ESP"]
[Date "2013.07.13"]
[Round "1.58"]
[White "Silva, Luis Neves Da"]
[Black "Andersen, Guttorm"]
[Result "1-0"]
[WhiteElo "2218"]
[BlackElo "1772"]
[PlyCount "55"]
[EventDate "2013.07.13"]
[EventType "swiss"]
[EventRounds "9"]
[EventCountry "ESP"]
[SourceTitle "Ajedrez en Madrid"]
[Source "lmi"]
[SourceDate "2013.07.13"]
[SourceVersion "1"]
[SourceVersionDate "2019.06.21"]
[SourceQuality "1"]

1. d4 d5 2. c4 c6 3. Nf3 Nf6 4. e3 e6 5. Bd3 dxc4 6. Bxc4 b5 7. Bd3 a6 8. O-O
Bb7 9. a4 Qb6 10. Qe2 Nbd7 11. e4 Be7 12. h3 h6 13. Be3 b4 14. a5 Qd8 15. Rd1
Qb8 16. Rc1 e5 17. Nbd2 exd4 18. Nxd4 Ne5 19. Nf5 Qd8 20. Bc2 Bf8 21. f4 Ned7
22. e5 Nd5 23. Ne4 Qb8 24. Ned6+ Bxd6 25. Nxd6+ Kf8 26. Bb3 g6 27. Bxd5 cxd5
28. Bb6 1-0

[Event "15. Obert Int. Sant Marti 2013"]
[Site "Barcelona ESP"]
[Date "2013.07.13"]
[Round "1.59"]
[White "Julian Barrachina, Lluis"]
[Black "Guttulsrud, Odd Martin"]
[Result "1/2-1/2"]
[WhiteElo "2163"]
[BlackElo "2212"]
[PlyCount "55"]
[EventDate "2013.07.13"]
[EventType "swiss"]
[EventRounds "9"]
[EventCountry "ESP"]
[SourceTitle "Ajedrez en Madrid"]
[Source "lmi"]
[SourceDate "2013.07.13"]
[SourceVersion "1"]
[SourceVersionDate "2019.06.21"]
[SourceQuality "1"]

1. Nf3 Nf6 2. c4 c5 3. Nc3 g6 4. g3 Bg7 5. Bg2 O-O 6. O-O d5 7. cxd5 Nxd5 8.
Nxd5 Qxd5 9. d3 Nc6 10. Be3 Bxb2 11. Rb1 Bf6 12. Nd4 Qxa2 13. Ra1 Qxa1 14. Qxa1
Nxd4 15. Bxd4 Bxd4 16. Qa5 b6 17. Qa4 Rb8 18. Qxa7 Bg4 19. e3 Bf6 20. Rb1 Rfd8
21. h3 Be2 22. Rxb6 Rxb6 23. Qxb6 Rxd3 24. Qxc5 Rd1+ 25. Kh2 Rd2 26. Qc1 Rb2
27. Bd5 e6 28. Be4 1/2-1/2

[Event "15. Obert Int. Sant Marti 2013"]
[Site "Barcelona ESP"]
[Date "2013.07.14"]
[Round "2.1"]
[White "Gullaksen, Eirik"]
[Black "Kovchan, Alexander"]
[Result "0-1"]
[WhiteElo "2380"]
[BlackElo "2577"]
[PlyCount "72"]
[EventDate "2013.07.13"]
[EventType "swiss"]
[EventRounds "9"]
[EventCountry "ESP"]
[SourceTitle "Ajedrez en Madrid"]
[Source "lmi"]
[SourceDate "2013.07.13"]
[SourceVersion "1"]
[SourceVersionDate "2019.06.21"]
[SourceQuality "1"]

1. d4 Nf6 2. c4 g6 3. Nc3 d5 4. Nf3 Bg7 5. Qb3 dxc4 6. Qxc4 O-O 7. e4 a6 8. e5
b5 9. Qb3 Nfd7 10. e6 fxe6 11. Ng5 Nb6 12. Nxe6 Bxe6 13. Qxe6+ Kh8 14. Be3 Qd6
15. Qxd6 cxd6 16. h4 Nc6 17. O-O-O Nc4 18. Bxc4 bxc4 19. h5 Kg8 20. hxg6 hxg6
21. Nd5 Rab8 22. Rd2 Nb4 23. Nxb4 Rxb4 24. Bh6 Rfb8 25. Rh3 Bf6 26. Rg3 R8b5
27. Bf4 Kf7 28. Ra3 a5 29. Rc3 g5 30. Be3 d5 31. g4 e5 32. Rcc2 c3 33. Rxc3
exd4 34. Rc7+ Ke8 35. a3 dxe3 36. Re2 Rxg4 0-1

[Event "15. Obert Int. Sant Marti 2013"]
[Site "Barcelona ESP"]
[Date "2013.07.14"]
[Round "2.2"]
[White "Agdestein, Simen"]
[Black "Getz, Nicolai"]
[Result "1-0"]
[WhiteElo "2567"]
[BlackElo "2353"]
[PlyCount "121"]
[EventDate "2013.07.13"]
[EventType "swiss"]
[EventRounds "9"]
[EventCountry "ESP"]
[SourceTitle "Ajedrez en Madrid"]
[Source "lmi"]
[SourceDate "2013.07.13"]
[SourceVersion "1"]
[SourceVersionDate "2019.06.21"]
[SourceQuality "1"]

1. e4 e5 2. Nf3 Nc6 3. Bb5 a6 4. Ba4 Nf6 5. O-O b5 6. Bb3 Bb7 7. d3 Be7 8. Re1
O-O 9. Nc3 d6 10. a4 Na5 11. Ba2 b4 12. Ne2 Rb8 13. Ng3 c5 14. c3 b3 15. Bb1
Re8 16. Nf5 Bf8 17. Bg5 h6 18. Bh4 g6 19. Ne3 Be7 20. Nc4 Nxc4 21. dxc4 g5 22.
Bg3 a5 23. Ra3 Bc6 24. Rxb3 Rxb3 25. Qxb3 Qd7 26. Bc2 Nxe4 27. Bxe4 Bxe4 28.
Rxe4 f5 29. Re1 f4 30. Nd2 h5 31. Qd1 h4 32. Qh5 Kg7 33. Bxf4 gxf4 34. b3 Rh8
35. Qf3 Kh6 36. h3 Rg8 37. Rd1 Rg6 38. Kh2 Qf5 39. Ne4 Qf8 40. Rd5 Qb8 41. Nd2
Qg8 42. Rd3 Qe6 43. Ne4 Qg8 44. Rd1 Qe6 45. Rg1 Qf7 46. Qd3 Qf8 47. f3 Qg8 48.
Qd2 Kh5 49. Rd1 Qg7 50. Qc2 Bf8 51. Rd5 Be7 52. Qd2 Bf8 53. b4 axb4 54. cxb4
cxb4 55. a5 b3 56. a6 Qf7 57. Qb2 Qa7 58. c5 Qxa6 59. cxd6 Bg7 60. d7 Qa2 61.
Qxa2 1-0

[Event "15. Obert Int. Sant Marti 2013"]
[Site "Barcelona ESP"]
[Date "2013.07.14"]
[Round "2.3"]
[White "Eggleston, David J"]
[Black "Grigoryan, Karen H."]
[Result "0-1"]
[WhiteElo "2363"]
[BlackElo "2550"]
[PlyCount "184"]
[EventDate "2013.07.13"]
[EventType "swiss"]
[EventRounds "9"]
[EventCountry "ESP"]
[SourceTitle "Ajedrez en Madrid"]
[Source "lmi"]
[SourceDate "2013.07.13"]
[SourceVersion "1"]
[SourceVersionDate "2019.06.21"]
[SourceQuality "1"]

1. e4 e5 2. Nf3 Nc6 3. Bc4 Bc5 4. c3 Nf6 5. d3 O-O 6. O-O d5 7. exd5 Nxd5 8.
Re1 Bg4 9. h3 Bh5 10. b4 Bb6 11. b5 Na5 12. Rxe5 Nf6 13. Nbd2 Re8 14. g4 Bg6
15. d4 Nxc4 16. Nxc4 Nd5 17. Bd2 f6 18. Rxe8+ Bxe8 19. a4 c6 20. Qe2 Bc7 21.
Rb1 Qd7 22. Nh4 cxb5 23. axb5 Bf7 24. Qf3 Rc8 25. Ne3 Qd6 26. Nf1 Qa3 27. c4
Qxf3 28. Nxf3 Nf4 29. Bxf4 Bxf4 30. c5 Bd5 31. Ne1 Be4 32. Rd1 Rd8 33. Ne3 Kf7
34. N1g2 Bb8 35. d5 a5 36. bxa6 bxa6 37. Rd4 Bf3 38. Rb4 Be5 39. d6 Rc8 40. Ne1
Bc3 41. d7 Rd8 42. Rf4 Ba8 43. N1c2 Rxd7 44. Rc4 Be5 45. Nb4 a5 46. c6 Rc7 47.
Ned5 axb4 48. Nxc7 Bxc7 49. Rxb4 Ke6 50. Re4+ Kd6 51. Re8 Bxc6 52. Rg8 g5 53.
Rh8 Be4 54. f3 Bxf3 55. Rxh7 Bb6+ 56. Kh2 Bf2 57. Rf7 Ke5 58. Rf8 Bd5 59. Re8+
Kf4 60. Rf8 Bd4 61. Rd8 Be5 62. Kg1 Be4 63. Kf2 Bc7 64. Rf8 Bb6+ 65. Kf1 Bd4
66. Rd8 Bc5 67. Rc8 Bb6 68. Rf8 Kg3 69. Rxf6 Be3 70. Re6 Bg2+ 71. Ke2 Bf4 72.
Ra6 Bxh3 73. Ra3+ Kg2 74. Kd3 Kf3 75. Kd4+ Kxg4 76. Ra2 Bf1 77. Ke4 Bb5 78. Rc2
Bd7 79. Rc5 Be8 80. Ra5 Bc6+ 81. Kd4 Kg3 82. Ra3+ Bf3 83. Kd3 g4 84. Ra1 Kh3
85. Rf1 Kg2 86. Ra1 g3 87. Ra2+ Kh3 88. Ra7 g2 89. Ra1 Kg3 90. Rb1 Bc6 91. Kd4
Bb5 92. Ke4 Bf1 0-1

[Event "15. Obert Int. Sant Marti 2013"]
[Site "Barcelona ESP"]
[Date "2013.07.14"]
[Round "2.4"]
[White "Dvirnyy, Danyyil"]
[Black "Alvarado Diaz, Alejandro"]
[Result "1-0"]
[WhiteElo "2549"]
[BlackElo "2313"]
[PlyCount "87"]
[EventDate "2013.07.13"]
[EventType "swiss"]
[EventRounds "9"]
[EventCountry "ESP"]
[SourceTitle "Ajedrez en Madrid"]
[Source "lmi"]
[SourceDate "2013.07.13"]
[SourceVersion "1"]
[SourceVersionDate "2019.06.21"]
[SourceQuality "1"]

1. Nf3 Nf6 2. c4 g6 3. Nc3 c5 4. d4 cxd4 5. Nxd4 Nc6 6. e4 Bg7 7. Be3 Qa5 8.
Nb3 Qd8 9. Be2 O-O 10. O-O d6 11. Rc1 a5 12. Nd2 Bd7 13. Ndb1 a4 14. Na3 Nb4
15. f3 Qa5 16. Qd2 Be6 17. Rfd1 Rfc8 18. Bf1 Nd7 19. Nd5 Nc6 20. Qf2 Nc5 21.
Nb5 Bxd5 22. exd5 Ne5 23. Bd4 Qd8 24. Rc3 Qd7 25. Qe2 g5 26. Qc2 e6 27. Be3 Ng6
28. dxe6 Nxe6 29. Nxd6 Rc6 30. Nf5 Qc7 31. Nxg7 Kxg7 32. Rd5 h6 33. g3 Ne7 34.
Rd1 Ra5 35. Bf2 Ng6 36. b4 axb3 37. axb3 Rca6 38. c5 Ra2 39. Qe4 R6a3 40. Bc4
Rxf2 41. Kxf2 Qxc5+ 42. Qe3 Ra2+ 43. Kg1 Qa3 44. b4 1-0

[Event "15. Obert Int. Sant Marti 2013"]
[Site "Barcelona ESP"]
[Date "2013.07.14"]
[Round "2.5"]
[White "Arvola, Benjamin"]
[Black "Nikolov, Momchil"]
[Result "0-1"]
[WhiteElo "2347"]
[BlackElo "2538"]
[PlyCount "86"]
[EventDate "2013.07.13"]
[EventType "swiss"]
[EventRounds "9"]
[EventCountry "ESP"]
[SourceTitle "Ajedrez en Madrid"]
[Source "lmi"]
[SourceDate "2013.07.13"]
[SourceVersion "1"]
[SourceVersionDate "2019.06.21"]
[SourceQuality "1"]

1. e4 c5 2. Nf3 e6 3. d4 cxd4 4. Nxd4 a6 5. Bd3 Qb6 6. Nf3 d6 7. O-O Nf6 8. Be3
Qc7 9. c4 Be7 10. Nc3 O-O 11. Rc1 b6 12. Nd4 Bb7 13. f4 Re8 14. f5 Bf8 15. fxe6
fxe6 16. Rxf6 gxf6 17. Nxe6 Qf7 18. Nxf8 Rxf8 19. Nd5 Nd7 20. Bh6 Rfd8 21. Be2
Bxd5 22. Bh5 Qe7 23. Qxd5+ Kh8 24. Rc3 Rac8 25. Rg3 Rg8 26. Bg4 Rce8 27. Bxd7
Qxd7 28. Rxg8+ Rxg8 29. Bf4 Re8 30. Qd4 Qe6 31. Kf2 Kg7 32. Kf3 Kf7 33. b3 f5
34. Qd5 fxe4+ 35. Ke3 Qxd5 36. cxd5 b5 37. a4 bxa4 38. bxa4 Ke7 39. Kxe4 Rc8
40. Bg5+ Kd7 41. a5 Rc2 42. h4 Rxg2 43. Kd3 Rg4 0-1

[Event "15. Obert Int. Sant Marti 2013"]
[Site "Barcelona ESP"]
[Date "2013.07.14"]
[Round "2.6"]
[White "Firman, Nazar"]
[Black "Lovik, Lasse Ostebo"]
[Result "1-0"]
[WhiteElo "2526"]
[BlackElo "2311"]
[PlyCount "61"]
[EventDate "2013.07.13"]
[EventType "swiss"]
[EventRounds "9"]
[EventCountry "ESP"]
[SourceTitle "Ajedrez en Madrid"]
[Source "lmi"]
[SourceDate "2013.07.13"]
[SourceVersion "1"]
[SourceVersionDate "2019.06.21"]
[SourceQuality "1"]

1. e4 e5 2. Nf3 Nc6 3. Bb5 a6 4. Ba4 Nf6 5. d3 b5 6. Bb3 Bc5 7. a4 b4 8. a5 O-O
9. O-O Bb7 10. Nbd2 Re8 11. Re1 h6 12. Nc4 Bf8 13. Ba4 d6 14. c3 bxc3 15. bxc3
Rb8 16. d4 Nd7 17. Rb1 Ba8 18. Rxb8 Ncxb8 19. dxe5 dxe5 20. Nfxe5 Nxe5 21. Qxd8
Nf3+ 22. gxf3 Rxd8 23. Bf4 Rc8 24. Rd1 Be7 25. Ne3 Nc6 26. Rd7 Bd8 27. Nd5 Nxa5
28. Bxc7 Bxd5 29. Rxd8+ Rxd8 30. Bxa5 Bc6 31. Bxc6 1-0

[Event "15. Obert Int. Sant Marti 2013"]
[Site "Barcelona ESP"]
[Date "2013.07.14"]
[Round "2.7"]
[White "Hernando Rodrigo, Julio Antonio"]
[Black "Cruz, Cristhian"]
[Result "1/2-1/2"]
[WhiteElo "2327"]
[BlackElo "2499"]
[PlyCount "115"]
[EventDate "2013.07.13"]
[EventType "swiss"]
[EventRounds "9"]
[EventCountry "ESP"]
[SourceTitle "Ajedrez en Madrid"]
[Source "lmi"]
[SourceDate "2013.07.13"]
[SourceVersion "1"]
[SourceVersionDate "2019.06.21"]
[SourceQuality "1"]

1. d4 e6 2. c4 Nf6 3. Nc3 d5 4. cxd5 Nxd5 5. Nf3 c5 6. e3 Nc6 7. Bd3 cxd4 8.
exd4 Bb4 9. O-O Nxc3 10. bxc3 Bxc3 11. Rb1 Bb4 12. Ne5 Be7 13. Qf3 O-O 14. Nxc6
bxc6 15. Qxc6 Bd7 16. Qe4 g6 17. Bh6 Re8 18. Ba6 Bd6 19. Bb7 Rb8 20. Bf4 e5 21.
dxe5 Bf5 22. Qf3 Bxb1 23. exd6 Bxa2 24. Bc6 Re6 25. Qa3 Bc4 26. Rd1 Qb6 27. Bf3
Be2 28. Bxe2 Rxe2 29. Be3 Qb1 30. Qc1 Qxc1 31. Rxc1 Kf8 32. Bxa7 Ra8 33. Bb6
Ke8 34. g3 Re6 35. Rc6 Ra6 36. Rc8+ Kd7 37. Rd8+ Kc6 38. Bc7 Ra1+ 39. Kg2 Ra2
40. Bb8 Rf6 41. Rc8+ Kd7 42. Rc7+ Ke8 43. Rc8+ Kd7 44. Rc7+ Kd8 45. Ba7 Rd2 46.
Bc5 Rf5 47. g4 Rf4 48. Bb6 Rxg4+ 49. Kf3 Rb4 50. Ba5 Rd3+ 51. Ke2 Rb5 52. Kxd3
Rxa5 53. Rxf7 Rh5 54. Ke4 Ke8 55. Re7+ Kd8 56. Rg7 Rxh2 57. Ke5 Rxf2 58. Rxh7
1/2-1/2

[Event "15. Obert Int. Sant Marti 2013"]
[Site "Barcelona ESP"]
[Date "2013.07.14"]
[Round "2.8"]
[White "Minko, Vladimir"]
[Black "Flores Rios, Mauricio"]
[Result "1/2-1/2"]
[WhiteElo "2312"]
[BlackElo "2492"]
[PlyCount "54"]
[EventDate "2013.07.13"]
[EventType "swiss"]
[EventRounds "9"]
[EventCountry "ESP"]
[SourceTitle "Ajedrez en Madrid"]
[Source "lmi"]
[SourceDate "2013.07.13"]
[SourceVersion "1"]
[SourceVersionDate "2019.06.21"]
[SourceQuality "1"]

1. d4 Nf6 2. c4 g6 3. Nf3 Bg7 4. g3 O-O 5. Bg2 d5 6. cxd5 Nxd5 7. e3 Nc6 8. O-O
Nb6 9. Nc3 Re8 10. Re1 a5 11. b3 e5 12. Nxe5 Nxe5 13. dxe5 Bxe5 14. Bb2 Qe7 15.
Qc2 c6 16. Rad1 Qc5 17. Rc1 a4 18. Qe2 Qb4 19. bxa4 Be6 20. Ba1 f5 21. e4 Nd7
22. Qc2 f4 23. Rb1 Qc5 24. gxf4 Bxf4 25. Rxb7 Ne5 26. Nd5 Bxh2+ 27. Kh1 Qxc2
1/2-1/2

[Event "15. Obert Int. Sant Marti 2013"]
[Site "Barcelona ESP"]
[Date "2013.07.14"]
[Round "2.9"]
[White "Asis Gargatagli, Hipolito"]
[Black "Sorm, Daniel"]
[Result "1-0"]
[WhiteElo "2487"]
[BlackElo "2304"]
[PlyCount "53"]
[EventDate "2013.07.13"]
[EventType "swiss"]
[EventRounds "9"]
[EventCountry "ESP"]
[SourceTitle "Ajedrez en Madrid"]
[Source "lmi"]
[SourceDate "2013.07.13"]
[SourceVersion "1"]
[SourceVersionDate "2019.06.21"]
[SourceQuality "1"]

1. e4 c5 2. Nf3 Nc6 3. d4 cxd4 4. Nxd4 Nf6 5. Nc3 d6 6. Bg5 e6 7. Qd2 Be7 8.
O-O-O O-O 9. f3 a6 10. h4 Qc7 11. Kb1 Rd8 12. g4 Nxd4 13. Qxd4 b5 14. Qd2 Bb7
15. Qe1 b4 16. Ne2 e5 17. Ng3 d5 18. Bd3 g6 19. Bd2 a5 20. h5 b3 21. hxg6 bxa2+
22. Ka1 fxg6 23. g5 Nd7 24. f4 exf4 25. Nf5 gxf5 26. exf5 Nf8 27. f6 1-0

[Event "15. Obert Int. Sant Marti 2013"]
[Site "Barcelona ESP"]
[Date "2013.07.14"]
[Round "2.10"]
[White "Vehi Bach, Victor Manuel"]
[Black "Cuartas, Jaime Alexander"]
[Result "1-0"]
[WhiteElo "2308"]
[BlackElo "2484"]
[PlyCount "73"]
[EventDate "2013.07.13"]
[EventType "swiss"]
[EventRounds "9"]
[EventCountry "ESP"]
[SourceTitle "Ajedrez en Madrid"]
[Source "lmi"]
[SourceDate "2013.07.13"]
[SourceVersion "1"]
[SourceVersionDate "2019.06.21"]
[SourceQuality "1"]

1. e4 c6 2. d4 d5 3. e5 Bf5 4. Nd2 e6 5. Nb3 Nd7 6. Nf3 a6 7. Be2 Ne7 8. O-O
Nc8 9. Be3 Be7 10. Nfd2 b5 11. f4 Bg6 12. Bd3 Ncb6 13. f5 exf5 14. Bxf5 Bxf5
15. Rxf5 Nc4 16. Nxc4 dxc4 17. Nd2 g6 18. Rf2 Nb6 19. Qf3 Qd5 20. Ne4 h6 21.
Raf1 Rh7 22. Qg4 Nd7 23. b3 b4 24. Nd2 c3 25. Nc4 h5 26. Qe2 a5 27. h4 Kf8 28.
Qd3 Kg8 29. Bg5 Bxg5 30. hxg5 c5 31. Rf4 cxd4 32. Rxd4 Qc5 33. Qe3 Nf8 34. Rfd1
Qe7 35. Nb6 Re8 36. Nd5 Qxe5 37. Re4 1-0